FUNDAMENTAL OF SOCIAL PSYCHOLOGY (Record no. 15079)
[ view plain ]
| 000 -LEADER | |
|---|---|
| fixed length control field | 00266nam a22001217a 4500 |
| 003 - CONTROL NUMBER IDENTIFIER | |
| control field | SGT |
| 082 ## - DEWEY DECIMAL CLASSIFICATION NUMBER | |
| Classification number | 150 |
| Item number | F12B |
| 100 ## - MAIN ENTRY--PERSONAL NAME | |
| Personal name | BARON, ROBERT A. |
| 245 ## - TITLE STATEMENT | |
| Title | FUNDAMENTAL OF SOCIAL PSYCHOLOGY |
| 260 ## - PUBLICATION, DISTRIBUTION, ETC. (IMPRINT) | |
| Place of publication, distribution, etc | INDIA |
| Name of publisher, distributor, etc | PERSON |
| Year of Publication | 2012 |
| 300 ## - PAGE DESCRIPTION | |
| No. of Pages | 229 |
| 942 ## - ADDED ENTRY ELEMENTS (KOHA) | |
| Source of classification or shelving scheme | Dewey Decimal Classification |
| Koha item type | Books |
| 942 ## - ADDED ENTRY ELEMENTS (KOHA) | |
| -- | 2 |
| Withdrawn status | Lost status | Source of classification or shelving scheme | Damaged status | Not for loan | Collection code | Home library | Current library | Shelving location | Date acquired | Vendor Name | Cost, normal purchase price | SGTU | Bill Number | Total Checkouts | Full call number | Accession No. (Barcode) | Date last seen | Date last borrowed | Bill Date | Koha item type |
|---|---|---|---|---|---|---|---|---|---|---|---|---|---|---|---|---|---|---|---|---|
| Dewey Decimal Classification | MEDICAL | SGT Medical Library | SGT Medical Library | Text Book | 05/02/2018 | ABC | 299.00 | SGTU | 9089 | 2 | 150 F12B | FM10441 | 01/12/2023 | 28/11/2023 | 13/12/2017 | Books | ||||
| Dewey Decimal Classification | MEDICAL | SGT Medical Library | SGT Medical Library | Text Book | 05/02/2018 | ABC | 299.00 | SGTU | 9089 | 3 | 150 F12B | FM10442 | 29/11/2023 | 28/11/2023 | 13/12/2017 | Books | ||||
| Withdrawn | Dewey Decimal Classification | MEDICAL | SGT Medical Library | SGT Medical Library | Text Book | 05/02/2018 | ABC | 299.00 | SGTU | 9089 | 150 F12B | FM10443 | 05/02/2018 | 13/12/2017 | Books | |||||
| Dewey Decimal Classification | MEDICAL | SGT Medical Library | SGT Medical Library | Text Book | 05/02/2018 | ABC | 299.00 | SGTU | 9089 | 1 | 150 F12B | FM10444 | 07/06/2018 | 02/06/2018 | 13/12/2017 | Books | ||||
| Dewey Decimal Classification | MEDICAL | SGT Medical Library | SGT Medical Library | Text Book | 05/02/2018 | ABC | 299.00 | SGTU | 9089 | 150 F12B | FM10445 | 05/02/2018 | 13/12/2017 | Books |